000 00819nam a2200229 i 4500
001 124590
003 ES-MaACL
005 20250930063119.0
007 t|
008 070409s1949 sp ||||1| spa d
080 _a75(46)(023)
100 1 _aMayer, August Liebmann,
_d1885-1944
_979345
245 1 3 _aLa pintura española /
_cAugust L. Mayer ; cuarta edición revisada y ampliada con dos capítulos sobre la pintura del siglo XIX y la pintura del siglo XX por A. Cirici Pellicer.
250 _a4ª ed.
260 _aBarcelona :
_bLabor,
_c[1949]
300 _a299 p., LXXX p. lám. :
_bil. col. ;
_c17 cm.
490 1 _aColección Labor ;
_v447, 449
700 1 _aCirici, Alexandre.
_938890
830 0 0 _aColección Labor
_v447, 449
_9184254
852 _aES-MaACL
_jE-2893
999 _c124590
_d124590